| 000 | 00626nam a2200193 i 4500 | ||
|---|---|---|---|
| 001 | 97174 | ||
| 003 | ES-MaACL | ||
| 005 | 20251122063118.0 | ||
| 007 | t| | ||
| 008 | 050707s1947 sp ||||1| spa d | ||
| 100 | 0 |
_aMaqueda, Leopoldo Barón Torres, _cDuque de _976277 |
|
| 245 | 1 | 3 |
_aEl Conde de Cabra _b: (Un hombre de armas del siglo XV) / _cDuque de Maqueda. |
| 260 |
_aMadrid : _bEditora Nacional, _c1947. |
||
| 300 |
_a224 p. ; _c17 cm. |
||
| 490 | 1 | _aBreviarios de la vida española | |
| 830 | 0 | 0 |
_aBreviarios de la vida española _9180821 |
| 852 |
_aES-MaACL _jC-4445 _bR.24325 |
||
| 999 |
_c97174 _d97174 |
||